Comuni della Provincia di Forlì-Cesena (con mappa) - Statistics

Statistiche generali
  • Questo quiz è stato fatto 52 volte
  • Il punteggio medio è 18 su 30
Risposte nella Mappa
Le risposte nella mappa del quiz sottostante sono codificate secondo una scala di colori dal rosso al verde in base alla % di persone che hanno risposto correttamente.
 
Statistiche sulle risposte
Risposta % Corretto
Cesena
100%
Forlì
100%
Forlimpopoli
94%
Cesenatico
85%
Bertinoro
82%
Predappio
82%
Gatteo
74%
Savignano sul Rubicone
68%
Bagno di Romagna
65%
Meldola
65%
Santa Sofia
65%
Premilcuore
62%
Sarsina
62%
Verghereto
59%
Dovadola
56%
Mercato Saraceno
56%
Modigliana
56%
Castrocaro Terme e Terra del Sole
53%
San Mauro Pascoli
53%
Tredozio
53%
Rocca San Casciano
50%
Galeata
47%
Sogliano al Rubicone
47%
Gambettola
44%
Longiano
44%
Borghi
38%
Civitella di Romagna
38%
Montiano
35%
Roncofreddo
35%
Portico e San Benedetto
32%
Nessun quiz corrispondente trovato
Distribuzione punteggi
Percentuale di utenti per punteggio
Percentile per numero di risposta
I tuoi punteggi nel tempo
Non hai fatto questo quiz